000 02698cam a22002175a 4500
001 L152925
008 110516s2009 xxk f 000 0 eng d
020 _a9780727740496
035 _a(Sirsi) u152925
041 0 _aeng
100 1 _aInstitute of Civil Engineers
_95948
245 0 0 _aJoint Ventures in Construction
_h[electronic resource]
260 _aLondon
_bICE
_c2009
300 _aeBook
505 2 _a1 The Role of Cultures of Governments, Firms and Civil Society in Multinational Joint Ventures -- 2 Construction Projects as Joint Ventures:Issues of Culture and Risk -- 3 Culture and Workplace Behavior: A Case Study of Jointventure Construction Projects in Thailand -- 4 Ethics for Multinational JV Projects for Construction Work -- 5 Cooperative Relationships in Partnering Projects in Hong Kong -- 6 Co-opetition or Convenient Coalitions? - JV's for Indian Airports Redevelopment in the Context of the Infrastructure Sector -- 7 Alliancing in Australia - A Long Term JV? -- 8 Relationship Marketing for Sino-Singapore Joint Venture Industrial Parks in China -- 9 Influential Factors Impacting International Construction- The Case of Malaysian Contractors -- 10 Shari'ah Compliant Contract: A New Paradigm in Multi-National Joint Venture for Construction -- 11 Civil Liability of Construction Joint Ventures Under the Thai Legal System -- 12 Third Party Reviews and Trust Formation -- 13 Optimal Contract for PPP Projects Under Uncertainty: Hidden Action and Hidden Information Cases -- Appendix. Solution to The Optimal Contracting Problem -- 15 Appraising Policies on Joint Ventures for Construction Work in Malaysia -- 16 Goal Sets of International Construction Joint Ventures -- 17 The Effects of Migrant Workers on the Host Country -- 18 Investment Evaluation of Construction Projects Considering Geotechnical Risks -- 19 Investment of Multi-national Companies in Vietnam in the Field of Transport Infrastructure Construction: Potential and Challenges -- 20 Multi-layered Subcontracting System in Singapore's Construction Industry
520 _aContractual relationships in international joint venture projects can be affected by different cultural foundations, language barriers, political sensitivities, and the uncertainties and risks involved throughout the life of a construction project. Joint Ventures in Construction is the selected proceedings of a series of international conferences on multinational joint venture contracting for construction works, held each year since 2005.
651 4 _aENGLAND AND WALES
690 _aProcurement
_96260
856 4 0 _uhttps://www.vlebooks.com/
_zView on VLEbooks. Logins for members only from [email protected]
942 _n0
999 _c112269
_d112269